Where Did These Random NFL Players Attend College? - Statistics

General Stats
  • This quiz has been taken 404 times
  • The average score is 6 of 15
Answer Stats
Player Answer % Correct
Trent Richardson (HB) Alabama
87%
Ryan Tannehil (QB) Texas A&M
79%
Luke Keuchly (LB) Boston College
62%
Tavon Austin (WR) West Virginia
61%
Jordan Reed (TE) Florida
48%
Barkevious Mingo (DE) Louisiana State
47%
Matt McGloin (QB) Penn State
38%
Telvin Smith (LB) Florida State
28%
Antonio Gates (TE) Kent State
27%
Jason Peters (OT) Arkansas
25%
Dontari Poe (DT) Memphis
19%
Vincent Jackson (WR) Northern Colorado
11%
Chris Boswell (K) Rice
9%
Barry Church (S) Toledo
8%
Brent Grimes (CB) Shippensburg
6%
No matching quizzes found
Score Distribution
Percent of People with Each Score
Percentile by Number Answered
Your Score History
You have not taken this quiz